[Event "41st Festival MTO"]
[Site "Biel SUI"]
[Date "2008.07.26"]
[Round "6"]
[White "Jenni,F"]
[Black "Weindl,A"]
[Result "1/2-1/2"]
[WhiteElo "2544"]
[BlackElo "2352"]

1.e4 c5 2.Nf3 Nc6 3.Bb5 g6 4.O-O Bg7 5.Bxc6 dxc6 6.h3 Nf6 7.d3 Nd7 8.Nc3 e5
9.Be3 Qe7 10.Qd2 h6 11.a3 Nf8 12.b4 Ne6 13.Na4 b6 14.bxc5 b5 15.Nb2 Nd4 16.Ne1 Qxc5
17.Nd1 Be6 18.Kh2 a5 19.Nc3 O-O 20.Ne2 Kh7 21.f4 exf4 22.Bxd4 Bxd4 23.Nxd4 Qxd4
24.Nf3 Qf6 25.e5 Qf5 26.Rae1 Bd5 27.Nd4 Qg5 28.Rxf4 Rae8 29.h4 Qd8 30.Qf2 f6
31.e6 h5 32.Kg1 f5 33.Nxf5 Bxe6 34.Rxe6 Rxf5 35.Qa7+ Kh6 36.Rd4 Qb8 37.Qxb8 Rxb8
38.Rxc6 Rf7 39.Ra6 Rc8 40.Rxa5 Rb7 41.c4 bxc4 42.Rxc4 Rd8 43.Rg5 Rxd3 44.Rc6 Rg7
45.Ra6 Rd4 46.g3 Rd2 47.a4 Ra2 48.a5 Kh7 49.Rf6 Rb7 50.Rf2 Rb1+ 51.Kg2 Ra3
52.Rf7+ Kh6 53.Rf1 Rb2+ 54.Rf2 Rb1 55.Rc2 Rba1 56.Rc6  1/2-1/2

[Event "19th Czech Chladek & Tintera A Open"]
[Site "Pardubice CZE"]
[Date "2008.07.26"]
[Round "9"]
[White "Warakomski,T"]
[Black "Potapov,P"]
[Result "1-0"]
[WhiteElo "2502"]
[BlackElo "2418"]

1.e4 c5 2.Nf3 Nc6 3.Bb5 g6 4.Bxc6 dxc6 5.d3 Bg7 6.h3 b6 7.Nc3 e5 8.Be3 Ne7
9.Qd2 h6 10.Ng1 f5 11.exf5 Nxf5 12.Ne4 Be6 13.Qe2 Qd7 14.Nf3 O-O-O 15.O-O-O Rhe8
16.Kb1 Qf7 17.b3 Ne7 18.Bc1 Nd5 19.Nfd2 Kb8 20.Bb2 Qc7 21.Qf3 g5 22.Rde1 Rf8
23.Qg3 Nf4 24.Nc4 Rfe8 25.Ne3 Ng6 26.h4 Nxh4 27.Nxg5 hxg5 28.Qxg5 Nxg2 29.Nxg2 Bd5
30.Rh7 Rd7 31.f4 Bg8 32.Rh3 e4 33.dxe4 Bxb2 34.Kxb2 Rg7 35.Qh5 Qd7 36.Qf3 Qd4+
37.Kb1 c4 38.Rg3 Rge7 39.Qe3 Qd7 40.e5 cxb3 41.axb3 c5 42.Qd3 Qc7 43.Rd1 c4
44.bxc4 Bxc4 45.Qd6 Qxd6 46.Rxd6 Rf8 47.Kc1 b5 48.Rd4 Ref7 49.Rf3 Re8 50.Rg3 Ref8
51.Rg4 Bf1 52.Ne3 Be2 53.Rh4 Re8 54.Nd5 Rd7 55.c3 Bc4 56.Nf6 Rxd4 57.cxd4 Rc8
58.Nd7+ Ka8 59.Nc5  1-0

[Event "19th Czech Chladek & Tintera A Open"]
[Site "Pardubice CZE"]
[Date "2008.07.26"]
[Round "9"]
[White "Varitski,I"]
[Black "Svoboda,V2"]
[Result "1/2-1/2"]
[WhiteElo "2346"]
[BlackElo "2254"]

1.e4 c5 2.Nf3 Nc6 3.Bb5 g6 4.Bxc6 bxc6 5.O-O Bg7 6.Re1 Nh6 7.c3 O-O 8.d4 cxd4
9.cxd4 f6 10.b3 Nf7 11.Bb2 d6 12.h3 e5 13.Nbd2 Bb7 14.Qc2 Qd7 15.Rad1 Rad8
16.Nc4 Rfe8 17.Bc3 Qe6 18.Nb2 Ba8 19.Nd3  1/2-1/2

[Event "83rd ch-ARG s/f"]
[Site "Buenos Aires ARG"]
[Date "2008.07.27"]
[Round "8"]
[White "Malbran,G"]
[Black "Mahia,G"]
[Result "1-0"]
[WhiteElo "2241"]
[BlackElo "2441"]

1.e4 c5 2.Nf3 Nc6 3.Bb5 g6 4.O-O Bg7 5.c3 Nf6 6.Re1 O-O 7.h3 Qb6 8.Bxc6 Qxc6
9.d4 d5 10.e5 Ne4 11.dxc5 Nxc5 12.Be3 b6 13.Na3 a5 14.Qd2 Rd8 15.Bh6 Bh8
16.Nc2 Ba6 17.Ncd4 Qc7 18.Re3 Ne4 19.Qc2 Rac8 20.e6 f5 21.g3 b5 22.Bf4 Qb6
23.Qd1 b4 24.cxb4 axb4 25.Be5 Rc4 26.Bxh8 Kxh8 27.b3 Rc3 28.Rxc3 bxc3 29.Qc1 Bc8
30.Qf4 Qd6 31.Ne5 Bxe6 32.Nxg6+ Kg7 33.Qxd6 Rxd6 34.Nxe7 Kf6 35.Nec6 Bd7
36.Nb4 f4 37.gxf4 Bxh3 38.f3 Nc5 39.Rc1 Ne6 40.Nxe6 Bxe6 41.Rxc3 d4 42.Rd3 Bf5
43.Rd2 h5 44.Kh2 h4 45.a4 Be6 46.a5 Bxb3 47.a6 Rd7 48.Nc6 Bd5 49.Nxd4 Bc4
50.Kh3 Rh7 51.a7 Rxa7 52.Kxh4 Rg7 53.Rb2 Rh7+ 54.Kg3 Rg7+ 55.Kf2 Ra7 56.Rb6+ Kf7
57.Kg3 Ra1 58.Nc6 Kg7 59.Ne5 Rg1+ 60.Kh2 Rc1 61.f5 Bd5 62.Kg3 Rc7 63.Kf4 Rb7
64.Rd6 Ba2 65.f6+ Kh7 66.Rd2 Be6 67.Kg5 Rb5 68.Rh2+ Kg8 69.Re2 Ra5 70.f4 Ra1
71.Rg2 Rf1 72.Rg3 Rf2 73.Rg1 Kf8 74.Ra1 Rg2+ 75.Kh4 Kg8 76.Ra8+ Kh7 77.f7 Bxf7
78.Nxf7 Kg7 79.Ng5 Kg6 80.Rg8+ Kf5 81.Rf8+ Kg6 82.f5+ Kh6 83.Rf6+ Kg7 84.Rf7+ Kg8
85.Ra7 Rf2 86.Kg4 Kh8 87.Kh5 Rxf5 88.Kg6 Rf8 89.Rh7+ Kg8 90.Nf7  1-0

[Event "Politiken Cup"]
[Site "Helsingor DEN"]
[Date "2008.07.27"]
[Round "10"]
[White "Hansen,TR"]
[Black "Abrahamsson,D"]
[Result "1-0"]
[WhiteElo "2423"]
[BlackElo "2040"]

1.e4 c5 2.Nf3 Nc6 3.Bb5 e6 4.O-O d5 5.exd5 exd5 6.d4 Nf6 7.Ne5 Qb6 8.Qe2 Be6
9.dxc5 Bxc5 10.Nc3 Bd6 11.Bg5 Qc7 12.Bxf6 gxf6 13.Nxc6 Kf8 14.Nd4 Bxh2+ 15.Kh1 Be5
16.Nxe6+ fxe6 17.f4 Bxc3 18.bxc3 Rg8 19.Rf3 Rg4 20.Qxe6 Rxf4 21.Rxf4 Qxf4
22.Rf1 Qh4+ 23.Kg1 Kg7 24.Qe7+ Kg6 25.Bd3+  1-0

[Event "III Open"]
[Site "Oviedo ESP"]
[Date "2008.07.27"]
[Round "5"]
[White "Guliyev,N"]
[Black "Rodriguez Fernandez,JuanR"]
[Result "1-0"]
[WhiteElo "2510"]
[BlackElo "2206"]

1.e4 c5 2.Nf3 Nc6 3.Bb5 g6 4.Bxc6 dxc6 5.d3 Bg7 6.h3 Nf6 7.Nc3 O-O 8.Be3 Nd7
9.Qd2 e5 10.Bh6 Qe7 11.O-O Re8 12.Ne2 Nf8 13.Bxg7 Kxg7 14.Nh2 f6 15.f4 exf4
16.Nxf4 Ne6 17.Rf2 Nxf4 18.Rxf4 Bd7 19.Raf1 Rf8 20.Qc3 Rae8 21.Nf3 Kg8 22.Nd2 f5
23.R4f2 b6 24.exf5 Rxf5 25.Ne4 Ref8 26.g4 Rxf2 27.Rxf2 Rxf2 28.Kxf2 Bc8 29.Kf3 Qh4
30.Kg2 Qe7 31.a4 h5 32.Qf6 Qxf6 33.Nxf6+ Kf7 34.Ne4 Be6 35.Kg3 hxg4 36.hxg4 Bd5
37.Kf4 Ke7 38.c4 Be6 39.a5 Bc8 40.Kg5 Ke6 41.Nc3 Kd6 42.Kf4 Bd7 43.Ne4+ Ke7
44.Ng5 Kf6 45.Nf3 Be6 46.g5+ Ke7 47.Ne5 Bf5 48.Nxc6+ Kd6 49.Nxa7 bxa5 50.Nb5+ Kc6
51.d4 Bd3 52.d5+ Kd7 53.Ke5 Bxc4 54.Nd6 Bd3 55.Nb7  1-0

[Event "1st Open"]
[Site "Paleochora GRE"]
[Date "2008.07.27"]
[Round "8"]
[White "Markidis,K"]
[Black "Iskusnyh,S"]
[Result "1/2-1/2"]
[WhiteElo "2315"]
[BlackElo "2499"]

1.e4 c5 2.Nf3 Nc6 3.Bb5 g6 4.Bxc6 dxc6 5.d3 Bg7 6.h3 Nf6 7.Nc3 O-O 8.Bf4 Nh5
9.Bh2 Re8 10.e5 f5 11.Rg1 f4 12.Qd2 Rf8 13.O-O-O Qa5 14.Kb1 h6 15.g4 fxg3
16.fxg3 Rxf3 17.g4 g5 18.gxh5 Rxh3 19.Bf4 Rxh5 20.Bxg5 hxg5 21.Rxg5 Rh7 22.Rdg1 Bh3
23.Rxg7+ Rxg7 24.Rxg7+ Kxg7 25.Qg5+  1/2-1/2

[Event "95th ch-GBR"]
[Site "Liverpool ENG"]
[Date "2008.07.28"]
[Round "1"]
[White "Berry,S"]
[Black "Gordon,S"]
[Result "0-1"]
[WhiteElo "2363"]
[BlackElo "2508"]

1.e4 c5 2.Nf3 Nc6 3.Bb5 g6 4.O-O Bg7 5.c3 Nf6 6.Re1 O-O 7.h3 e5 8.d3 d6 9.Bg5 h6
10.Bxf6 Qxf6 11.Nbd2 Qd8 12.Bc4 Kh8 13.Nf1 f5 14.Ne3 Bd7 15.a3 Ne7 16.Nd5 Bc6
17.Nxe7 Qxe7 18.b4 b5 19.Bd5 Bxd5 20.exd5 Rac8 21.Rc1 Qb7 22.Qb3 c4 23.dxc4 bxc4
24.Qd1 e4 25.Nh2 Rfe8 26.Qd2 Re5 27.Rcd1 g5 28.f4 Qb6+ 29.Kh1 e3 30.Qc2 Re4
31.fxg5 hxg5 32.Qe2 g4 33.Rf1 Rf8 34.hxg4 Be5 35.Rf3 Qd8 36.Rdf1 Bxh2 37.Kxh2 f4
38.Rh3+ Kg7 39.Rff3 Qg5 40.g3 Qxd5 41.Kg2 Qd2 42.Kf1 fxg3 43.Rxg3 Ref4  0-1

[Event "13th Open"]
[Site "Creon FRA"]
[Date "2008.07.29"]
[Round "2"]
[White "Lebon,J"]
[Black "Gilles de la Londe,J"]
[Result "1-0"]
[WhiteElo "1975"]
[BlackElo "1768"]

1.e4 c5 2.Nf3 Nc6 3.Bb5 g6 4.O-O Bg7 5.c3 a6 6.Ba4 b5 7.Bc2 Bb7 8.d4 cxd4
9.cxd4 e6 10.Bg5 Qb6 11.Be3 Qc7 12.Nc3 Nge7 13.d5 exd5 14.exd5 Ne5 15.d6 Bxf3
16.gxf3 Qb7 17.dxe7 Nxf3+ 18.Kh1 Bxc3 19.bxc3 Nd2+ 20.f3 Nxf1 21.Be4 Nxe3
22.Qd4  1-0

[Event "III Open"]
[Site "Oviedo ESP"]
[Date "2008.07.29"]
[Round "7"]
[White "Gonzalez Vidal,Y"]
[Black "Guerrero Olmos,S"]
[Result "1-0"]
[WhiteElo "2464"]
[BlackElo "2325"]

1.e4 c5 2.Nf3 Nc6 3.Bb5 e6 4.Bxc6 bxc6 5.d3 d5 6.Qe2 Nf6 7.O-O Be7 8.c4 O-O
9.Nc3 Re8 10.Re1 Qc7 11.Bg5 Bb7 12.Rac1 h6 13.Bh4 Qa5 14.b3 Rac8 15.Ne5 Qc7
16.Bg3 Bd6 17.f4 Nd7 18.Nxd7 Qxd7 19.Na4 f5 20.e5 Bf8 21.Bf2 d4 22.Bh4 Qf7
23.Kh1 Kh7 24.h3 Rc7 25.Rg1 g5 26.fxg5 Qg6 27.gxh6 Bxh6 28.Rcf1 Rg8 29.Qf3 Bf8
30.Bf6 Qh6 31.g4 fxg4 32.Rxg4 Rxg4 33.Qxg4 Qe3 34.Rg1 Qxd3 35.Qg8+ Kh6 36.Qxf8+ Kh5
37.Rg5+ Kh4 38.Qh6+  1-0

[Event "Dutch Open"]
[Site "Dieren NED"]
[Date "2008.07.31"]
[Round "9"]
[White "Rothuis,V"]
[Black "Wiersma,E"]
[Result "1/2-1/2"]
[WhiteElo "2357"]
[BlackElo "2419"]

1.e4 c5 2.Nf3 Nc6 3.Bb5 g6 4.O-O Bg7 5.Re1 Nf6 6.e5 Nd5 7.Nc3 Nc7 8.Bxc6 dxc6
9.Ne4 Ne6 10.d3 Qc7 11.Be3 b6 12.a3 O-O 13.b4 cxb4 14.axb4 c5 15.bxc5 bxc5
16.Qd2 c4 17.d4 Rd8 18.d5 Bxe5 19.Nxe5 Qxe5 20.Nc3 Qf5 21.Ra5  1/2-1/2

[Event "95th ch-GBR"]
[Site "Liverpool ENG"]
[Date "2008.07.31"]
[Round "4"]
[White "Trent,L"]
[Black "Ledger,S"]
[Result "1-0"]
[WhiteElo "2470"]
[BlackElo "2138"]

1.e4 c5 2.Nf3 Nc6 3.Bb5 e6 4.O-O Nge7 5.Nc3 a6 6.Bxc6 Nxc6 7.d4 cxd4 8.Nxd4 Qc7
9.Re1 Bc5 10.Nxc6 dxc6 11.e5 Bd7 12.Bg5 h6 13.Qh5 Bd4 14.Rad1 Bxe5 15.Bh4 Bxh2+
16.Kh1 g6 17.Qf3 g5 18.Qf6 Rh7 19.Bg3 Bxg3 20.fxg3 Rd8 21.Rd3 Bc8 22.Red1 Rd5
23.Nxd5 exd5 24.c4 Be6 25.cxd5 Bxd5 26.Re1+ Be6 27.Rde3 Qd7 28.Rxe6+ fxe6
29.Rxe6+ Re7 30.Qh8+ Kf7 31.Rf6+  1-0

[Event "41st Festival MTO"]
[Site "Biel SUI"]
[Date "2008.08.01"]
[Round "11"]
[White "Meier,V"]
[Black "Cherniaev,A1"]
[Result "1/2-1/2"]
[WhiteElo "2276"]
[BlackElo "2431"]

1.e4 c5 2.Nf3 Nc6 3.Bb5 e6 4.O-O Nge7 5.c3 a6 6.Ba4 b5 7.Bc2 Bb7 8.a4 b4
9.d4 Ng6 10.d5 Na5 11.Re1 Qc7 12.cxb4 cxb4 13.Nbd2 Bd6 14.Nb3 Nc4 15.Nbd4 Rc8
16.Bd3 O-O 17.b3 Nce5 18.Bf1 Ng4 19.g3 Bc5 20.Bb2 Qb6 21.a5 Qa7 22.Re2 Nf6
23.Bh3 Rc7 24.Rc1 exd5 25.e5 Ne4 26.Kg2 Ba8 27.Bg4 Rfc8 28.Rec2 Nf8 29.h4 Ne6
30.Nxe6 dxe6 31.Bd4 Bxd4 32.Rxc7 Rxc7 33.Rxc7 Qxc7 34.Qxd4 Qc5 35.Qxc5 Nxc5
36.Nd4 Kf8 37.Be2 Ke7 38.f4 f6 39.Kf3 Bb7 40.Ke3 h6 41.g4 fxe5 42.fxe5 Kf7
43.h5 Bc8 44.Kf4 Bd7 45.Ke3 Ke7 46.Kf4 Be8 47.Ke3 g5 48.Bd3 Bd7 49.Be2 Be8
50.Bd3 Bf7 51.Be2 Kd7 52.Bd3 Bg8 53.Bc2 Nb7 54.Bd3 Nxa5 55.Bxa6 Bh7 56.Bb5+ Ke7
57.Ba6 Bb1 58.Kd2 Kd7 59.Bb5+ Ke7 60.Ba6 Bh7 61.Bc8 Be4  1/2-1/2

[Event "8th United Insurance"]
[Site "Dhaka BAN"]
[Date "2008.08.01"]
[Round "4"]
[White "Mohammad,Ali"]
[Black "Ali,MdI"]
[Result "0-1"]
[WhiteElo "2175"]
[BlackElo "2172"]

1.e4 c5 2.Nf3 Nc6 3.Bb5 e6 4.Bxc6 bxc6 5.O-O d5 6.Re1 Be7 7.c4 Nf6 8.Nc3 O-O
9.d3 Qc7 10.e5 Ne8 11.Bf4 Qb7 12.Qe2 f6 13.exf6 gxf6 14.Nh4 Ng7 15.Bg3 Rf7
16.b3 Bd7 17.Na4 Kh8 18.Qe3 d4 19.Qh6 Kg8 20.Qd2 a5 21.Re2 Nh5 22.Rae1 Nxg3
23.hxg3 Bd6 24.Rxe6 Bxe6 25.Rxe6 Qd7 26.Qe2 Re7 27.Rxe7 Qxe7 28.Qg4+ Kh8
29.Nf5 Qf8 30.Qe4 Re8 31.Qxc6 Re1+ 32.Kh2 Be7 33.Nb6 Qf7 34.Nd5 Bf8 35.Nf4 Re5
36.g4 h5 37.Qf3 hxg4 38.Qxg4 Qh7+ 39.Kg3 Qxf5 40.Ng6+ Qxg6 41.Qxg6 Rg5+ 42.Qxg5 fxg5
43.Kg4 Be7 44.f4 Kg7 45.fxg5 Kg6 46.Kf4 Bd6+ 47.Ke4 Kxg5 48.a3 Be7 49.Ke5 Bf8
50.a4 Kg4 51.Kd5 Kf4 52.Kc6 Ke3 53.Kb5 Bd6 54.Kxa5 Bc7+ 55.Kb5 Kxd3 56.Kc6 Bd8
57.g4 Kc3 58.Kd7 Bg5 59.a5 d3 60.a6 d2 61.a7 d1=Q+ 62.Kc7 Qf3 63.Kb8 Bf4+  0-1

[Event "Stara Pazova"]
[Site "Stara Pazova SRB"]
[Date "2008.08.01"]
[Round "12"]
[White "Manik,M"]
[Black "Skoko,Mil"]
[Result "1-0"]
[WhiteElo "2453"]
[BlackElo "2257"]

1.e4 c5 2.Nf3 Nc6 3.Bb5 g6 4.Bxc6 dxc6 5.h3 Bg7 6.d3 e5 7.Be3 Qe7 8.Nc3 Nf6
9.Qd2 Nd7 10.Bh6 f6 11.Bxg7 Qxg7 12.O-O-O Nf8 13.Nh2 Ne6 14.Ne2 Nd4 15.Nxd4 cxd4
16.f4 O-O 17.Nf3 c5 18.Rhf1 Bd7 19.Rf2 b6 20.Rdf1 h6 21.Nh4 g5 22.fxg5 fxg5
23.Nf5 Bxf5 24.exf5 Qf6 25.Re1 Rae8 26.Re4 Rf7 27.Qe2 Rg7 28.Kd1 Kf8 29.Ke1 Ree7
30.Qh5 b5 31.Kf1 Rc7 32.Rfe2 Rce7 33.Kg1 Rgf7 34.Qg6 Qxf5 35.Qxh6+ Kg8 36.Qd6 c4
37.Qb8+ Kh7 38.Qxb5 g4 39.Kh2 gxh3 40.Qxc4 Re6 41.Rxd4 Rg6 42.Rh4+ Kg7 43.Rxh3 Rg4
44.Qxg4+ Qxg4 45.Rg3  1-0

[Event "13th Open"]
[Site "Creon FRA"]
[Date "2008.08.02"]
[Round "8"]
[White "Laporte,D"]
[Black "Darrigues,A"]
[Result "1-0"]
[WhiteElo "2212"]
[BlackElo "2012"]

1.e4 c5 2.Nf3 Nc6 3.Bb5 g6 4.c3 Bg7 5.d4 Qb6 6.Qe2 cxd4 7.O-O e5 8.Na3 Nge7
9.cxd4 Nxd4 10.Nxd4 exd4 11.Nc4 Qc7 12.g3 O-O 13.Bf4 Qd8 14.Nd6 a6 15.Bc4 b5
16.Bb3 Nc6 17.Qf3 Qe7 18.e5 Kh8 19.Rfe1 Rb8 20.Qd5 h6 21.Nxf7+ Kh7 22.Nd6 Bb7
23.Nxb7 Rxb7 24.e6 Rd8 25.Bd6 Qg5 26.e7 Qxd5 27.Bxd5  1-0

[Event "95th ch-GBR"]
[Site "Liverpool ENG"]
[Date "2008.08.02"]
[Round "6"]
[White "Horner,J"]
[Black "Lalic,B"]
[Result "0-1"]
[WhiteElo "2372"]
[BlackElo "2533"]

1.e4 c5 2.Nf3 Nc6 3.Bb5 Nf6 4.Nc3 Qc7 5.O-O Nd4 6.Re1 a6 7.Bc4 Ng4 8.Bxf7+ Kxf7
9.Nd5 Qd6 10.Ng5+ Kg8 11.Qxg4 h6 12.Nf3 Nxc2 13.Rd1 Nxa1 14.d4 Qc6 15.Bf4 d6
16.Qg6 Nc2 17.Bg5 Qd7 18.dxc5 Qe6 19.Qe8 Kh7 20.Qa4 Qg6 21.Nf4 Qf7 22.cxd6 exd6
23.Qxc2 Bg4 24.e5+ Qf5 25.Qb3 Bxf3 26.Qxf3 hxg5 27.Qxb7 Rd8  0-1

[Event "17th Open"]
[Site "Martigny SUI"]
[Date "2008.08.02"]
[Round "2"]
[White "Chervet,O"]
[Black "Kelecevic,N"]
[Result "0-1"]
[WhiteElo "2025"]
[BlackElo "2364"]

1.e4 c5 2.Nf3 Nc6 3.Bb5 d6 4.d4 cxd4 5.Qxd4 Bd7 6.Bxc6 bxc6 7.c4 Qc7 8.O-O e5
9.Qd3 Ne7 10.b3 Ng6 11.Rd1 Rd8 12.Nc3 Be7 13.b4 O-O 14.b5 Rc8 15.Ba3 Qa5
16.bxc6 Bxc6 17.Bb2 Nf4 18.Qd2 Qa6 19.Nd5 Bxd5 20.cxd5 Qa4 21.Nxe5 dxe5 22.Bxe5 Ng6
23.d6 Bf6 24.d7 Ra8 25.Bc7 Bxa1 26.d8=Q Raxd8 27.Bxd8 Bf6 28.Bc7 Qxe4  0-1

[Event "Najdorf Memorial Open"]
[Site "Warsaw POL"]
[Date "2008.08.02"]
[Round "1"]
[White "Czarnota,D"]
[Black "Wisniowska,K"]
[Result "1-0"]
[WhiteElo "2229"]
[BlackElo "1905"]

1.e4 c5 2.Nf3 Nc6 3.Bb5 d6 4.O-O Bd7 5.Re1 e5 6.c3 a6 7.Bf1 Nf6 8.h3 Be7
9.a4 O-O 10.d4 Qc7 11.Na3 cxd4 12.cxd4 Rfe8 13.d5 Na7 14.Be3 b5 15.a5 Qxa5
16.Bxa7 Rxa7 17.Nxb5 axb5 18.Rxa5 Rxa5 19.Bd3 b4 20.Nd2 Rc5 21.Qb3 Rb8 22.Ra1 Rc7
23.Nc4 Nh5 24.Bf1 f5 25.exf5 Nf6 26.Nxe5 Bxf5 27.Nc6 Rbb7 28.Ra8+ Bf8 29.Ba6 Rb6
30.Qe3 Rxa6 31.Rxa6 Nxd5 32.Qf3  1-0

[Event "Arctic Chess Challenge"]
[Site "Tromso NOR"]
[Date "2008.08.03"]
[Round "2"]
[White "Royset,P"]
[Black "Carlsen,E"]
[Result "1-0"]
[WhiteElo "2234"]
[BlackElo "1874"]

1.e4 c5 2.Nf3 Nc6 3.Bb5 g6 4.O-O Bg7 5.Re1 e6 6.Bxc6 bxc6 7.d3 Ne7 8.Nbd2 d5
9.c4 O-O 10.Qc2 d4 11.e5 f6 12.exf6 Bxf6 13.Ne4 Nf5 14.Nxf6+ Qxf6 15.Bg5 Qf7
16.Ne5 Qb7 17.Qd2 a5 18.Re2 Re8 19.Rae1 Nd6 20.Bf6 Nf7 21.h4 Ra7 22.h5 Nxe5
23.Bxe5 Rf8 24.Re4 Rf5 25.hxg6 hxg6 26.Rh4 Rh5 27.Rxh5 gxh5 28.Qg5+ Kf7 29.Re4  1-0

[Event "Arctic Chess Challenge"]
[Site "Tromso NOR"]
[Date "2008.08.03"]
[Round "2"]
[White "Westerinen,H"]
[Black "Danielsson,R"]
[Result "1/2-1/2"]
[WhiteElo "2376"]
[BlackElo "2100"]

1.e4 c5 2.Nf3 Nc6 3.Bb5 g6 4.c3 Nf6 5.Qe2 Bg7 6.O-O O-O 7.h3 d5 8.e5 Ne8
9.d4 cxd4 10.cxd4 Nc7 11.Ba4 Ne6 12.Rd1 Qb6 13.Be3 Na5 14.Nc3 Rd8 15.Rac1 a6
16.Qc2 Qa7 17.b4 Nc4 18.Bb3 b5 19.a4 Qb6 20.Ra1 Bb7 21.Bxc4 bxc4 22.a5 Qc6
23.Na4 Nc7 24.Nc5 Bc8 25.Bg5 Bf8 26.Qc1 Rb8 27.Ra4 Ne6 28.Qc2 Nxc5 29.dxc5 Bf5
30.Qa2 Bd7 31.Ra3 Rxb4 32.Qd2 Qxc5 33.Qxd5 Qxd5 34.Rxd5 Rbb8 35.Rc3 Be6 36.Rc5 Rbc8
37.Be3 Rxc5 38.Bxc5 Rd5 39.Bb6 Bg7 40.Kf1 Bxe5 41.Rxc4 Rd1+ 42.Ke2 Bxc4+
43.Kxd1 Bf6 44.g3 Be6 45.Ng1 Kf8 46.Kd2 Ke8 47.h4 Kd7 48.Nf3 Bd5 49.Nd4 e5
50.Nc2 Bd8 51.Bxd8 Kxd8 52.Nb4 Bb7 53.Nd3 f6 54.Kc3 Bc6 55.Nb4 Bb5 56.Nd5 f5
57.Kb4 h6 58.Kc5 Kd7 59.Nc3 Bf1 60.Kd5 e4 61.Na4 Ke7 62.Ke5 Bb5 63.Nb6 Be2
64.Nd5+ Kf7 65.Nf4 Bd1 66.Ne6 Be2 67.Nc5 Bb5 68.h5 Be2 69.hxg6+ Kxg6 70.Ne6 Bb5
71.Nd4 Bd7 72.Kd6 Be8 73.Ke5 Bd7  1/2-1/2

[Event "17th Open"]
[Site "Kavala GRE"]
[Date "2008.08.04"]
[Round "6"]
[White "Kiewra,K"]
[Black "Timoshenko,G"]
[Result "1/2-1/2"]
[WhiteElo "2336"]
[BlackElo "2572"]

1.e4 c5 2.Nf3 Nc6 3.Bb5 d6 4.O-O Bd7 5.c3 Nf6 6.Re1 a6 7.Ba4 c4 8.d4 cxd3
9.Qxd3 g6 10.Bf4 Bg7 11.Nbd2 O-O 12.Bb3 b5 13.h3 b4 14.cxb4 Nxb4 15.Qe3 Rb8
16.Bh6 Qb6 17.Qxb6 Rxb6 18.Nc4 Rbb8 19.Bxg7 Kxg7 20.e5 dxe5 21.Ncxe5 e6 22.Nd4 Rb7
23.Rac1 a5 24.Red1 Rc8 25.Rxc8 Bxc8 26.Nc4 a4 27.Bxa4 Nxa2 28.Nd6 Rxb2 29.Nxc8 Nc3
30.Ra1 Rb4 31.Nxe6+ fxe6 32.Bd1 Rc4 33.Nb6 Rc6 34.Ra7+ Kh6 35.Nd7 Nb5 36.Rb7 Nd6
37.Ra7 Nc8 38.Rb7 Nd6 39.Ra7 Nb5 40.Rb7 Nd6  1/2-1/2

[Event "95th ch-GBR"]
[Site "Liverpool ENG"]
[Date "2008.08.04"]
[Round "7"]
[White "Waters,C"]
[Black "Cox,Tr"]
[Result "1-0"]
[WhiteElo "2096"]
[BlackElo "2144"]

1.e4 c5 2.Nf3 Nc6 3.Bb5 Nf6 4.e5 Nd5 5.Nc3 Nc7 6.Bxc6 dxc6 7.h3 Bf5 8.O-O e6
9.d3 Be7 10.Qe2 Nb5 11.Nxb5 cxb5 12.a4 bxa4 13.Rxa4 b5 14.Ra6 Qc8 15.Ra5 a6
16.Be3 O-O 17.Rfa1 h6 18.Nd2 Qc6 19.Qf3 Qc8 20.Ne4 Bxe4 21.Qxe4 Rd8 22.b3 c4
23.bxc4 Bb4 24.R5a2 Bc3 25.Rb1 bxc4 26.dxc4 a5 27.Ra3 Bb4 28.Rab3 Bc5 29.Bxh6 gxh6
30.Rg3+ Kf8 31.Rb7 Ra7 32.Rxa7 Bxa7 33.Qh4 Ke8 34.Qf6 Bc5 35.Rg7 Kd7 36.Rxf7+ Kc6
37.Qf3+ Kb6 38.Qb3+ Bb4 39.c3 Rd3 40.c5+ Qxc5 41.Qxe6+ Qc6 42.Qxc6+ Kxc6
43.cxb4 axb4 44.Rf8 Rd1+ 45.Kh2 Rd7 46.Rf3 Rb7 47.Rb3 Kd5 48.f4 Kc4 49.Rb1 b3
50.Kg3 Kd5 51.Kg4 Ke6 52.Rb2 Rb4 53.Kf3 h5 54.g4 hxg4+ 55.Kxg4 Kf7 56.Kf5 Kg7
57.h4 Rb8 58.Kg5 Rb4 59.e6 Kh7 60.h5 Kg7 61.f5 Rb5 62.h6+ Kh7 63.Kf6 Rb8
64.e7  1-0

[Event "Najdorf Memorial Open"]
[Site "Warsaw POL"]
[Date "2008.08.04"]
[Round "3"]
[White "Socko,M"]
[Black "Dziuba,M"]
[Result "1/2-1/2"]
[WhiteElo "2473"]
[BlackElo "2570"]

1.e4 c5 2.Nf3 Nc6 3.Bb5 d6 4.O-O Bd7 5.Re1 Nf6 6.c3 a6 7.Bxc6 Bxc6 8.d4 Bxe4
9.Bg5 Bd5 10.Nbd2 e6 11.c4 Bxf3 12.Qxf3 cxd4 13.Bxf6 gxf6 14.Qxb7 Bg7 15.Qc6+ Ke7
16.Qe4 Qb6 17.Nf3 Rhd8 18.Qxh7 Kf8 19.h4 Ra7 20.Rad1 f5 21.Ng5 Re8 22.b3 a5
23.Rd3 Qd8 24.Rg3 Qf6 25.Qh5 Qh6 26.Nh7+ Ke7 27.Qxf5 Be5 28.Rxe5 dxe5 29.Qxe5 Rd7
30.Qc5+ Rd6 31.Ng5 Rd8 32.Ne4 Qxh4 33.Nxd6 Rxd6 34.Rd3 Qf4 35.Qc7+ Ke8 36.Rd1 d3
37.c5 Qg4 38.Qb8+ Rd8 39.Qb5+ Ke7 40.Rxd3 Rxd3 41.Qxd3 Qb4 42.Qe3 Qa3 43.Qg5+ Ke8
44.c6 Qxa2 45.g3 Qb1+ 46.Kh2 Qh7+ 47.Qh4 Qc2 48.Qh8+ Ke7 49.Qd4 Qxc6 50.Qa7+ Kf6
51.Qxa5 Qc2 52.Qd8+ Ke5 53.Qg5+ f5 54.Qf4+ Kf6 55.b4 Qb3 56.Qd4+ Kg6 57.Qc5 Qf3
58.Qd4 Qb3 59.Kg2 Qb1 60.Qc4 Kf6 61.b5 e5 62.Qc6+ Kg5 63.Qd5 e4 64.Qd8+ Kg6
65.Qd6+ Kf7 66.Qe5 Kg6 67.Qe6+ Kg5 68.Qg8+ Kf6 69.Qf8+ Kg6 70.Qe8+ Kg5 71.Qd8+ Kg6
72.Qb6+ Kg5 73.Qe3+ Kg6 74.b6 Qb4 75.Kh2 Qb2 76.Qc5 Kg5 77.Kg2 Kg6 78.Qd6+ Kg7
79.Qe7+ Kg6 80.Qe8+ Kg5 81.Qg8+ Kh6 82.Qd8 Kg6 83.Qd6+ Kg5 84.Qe7+ Kg6 85.b7 e3
86.Qe6+ Kg7 87.Qd7+ Kg6 88.Qd6+ Kh5 89.g4+ fxg4 90.Qc5+ Kh4 91.Qe7+ Kh5 92.Qf7+ Kh4
93.Qe7+ Kh5 94.Qe8+ Kh4 95.Qd8+ Kh5 96.Qe8+ Kh4 97.Qe7+  1/2-1/2

[Event "Timisoara Cup GM"]
[Site "Timisoara ROM"]
[Date "2008.08.05"]
[Round "5"]
[White "Ardeleanu,A"]
[Black "Chirila,I"]
[Result "1/2-1/2"]
[WhiteElo "2407"]
[BlackElo "2425"]

1.e4 c5 2.Nf3 Nc6 3.Bb5 e6 4.Bxc6 bxc6 5.O-O Ne7 6.b3 Ng6 7.Bb2 f6 8.e5 Be7
9.Na3 O-O 10.Nc4 Ba6 11.d3 fxe5 12.Nfxe5 Nxe5 13.Bxe5 d6 14.Bg3 e5 15.Qe2 Bg5
16.Rae1 Qd7 17.Qh5 Bf4 18.Bxf4 Rxf4 19.Nd2 Raf8 20.Re4 R4f5 21.Qh3 Qf7 22.Qg3 Bc8
23.Re3 Rf4 24.Rf3 Qh5 25.Rxf4 exf4 26.Qf3 Qxf3 27.Nxf3 Re8 28.Re1 Rxe1+ 29.Nxe1 Kf7
30.Kf1 Bg4 31.f3 Bf5 32.Ke2 Ke6 33.c3 g5 34.Nc2 h5 35.Na3 d5 36.Nc2 Kd6 37.Ne1 c4
38.dxc4 dxc4 39.b4 c5 40.a3 Kc6 41.Kd2 g4 42.g3 fxg3 43.hxg3 Kb5 44.fxg4 Bxg4
45.Kc2 Bf5+ 46.Kc1 Ka4 47.Kb2 Be4 48.Ka2 cxb4 49.axb4 a5 50.bxa5 Kxa5 51.Kb2 Ka4
52.Kc1 Kb3 53.Kd2 Kb2 54.Ke3 Bb7 55.Kd2 Be4 56.Ke3  1/2-1/2

[Event "US Open"]
[Site "Dallas USA"]
[Date "2008.08.06"]
[Round "5"]
[White "West,V"]
[Black "Aigner,M USA"]
[Result "0-1"]
[WhiteElo "2073"]
[BlackElo "2234"]

1.e4 c5 2.Nf3 Nc6 3.Bb5 g6 4.O-O Bg7 5.Re1 Nf6 6.e5 Nd5 7.Nc3 Nc7 8.Bxc6 dxc6
9.Ne4 Ne6 10.d3 O-O 11.Be3 b6 12.Qd2 Re8 13.Bh6 Nd4 14.Nxd4 Qxd4 15.Bxg7 Kxg7
16.Qg5 h6 17.Qg3 Qxb2 18.h4 Bf5 19.h5 Rad8 20.Rad1 c4 21.e6 f6 22.hxg6 Bxe4
23.Rxe4 Qxc2 24.Rde1 cxd3 25.Qf3 d2 26.Rd1 Rd3 27.Qh5 Rd5 28.Qe2 Red8 29.Rc4 Qxa2
30.Rxc6 Re5 31.Qf3 Qa4 32.Rc7 Re1+ 33.Kh2 Qh4+  0-1

[Event "17th Open"]
[Site "Kavala GRE"]
[Date "2008.08.06"]
[Round "8"]
[White "Svetushkin,D"]
[Black "Halkias,S"]
[Result "0-1"]
[WhiteElo "2587"]
[BlackElo "2579"]

1.e4 c5 2.Nf3 Nc6 3.Bb5 d6 4.O-O Bd7 5.Re1 Nf6 6.c3 a6 7.Ba4 c4 8.Bc2 Ng4
9.Qe2 Nce5 10.Nxe5 Nxe5 11.f4 Ng4 12.Rf1 e5 13.f5 h5 14.d4 cxd3 15.Bxd3 d5
16.exd5 Bc5+ 17.Kh1 Kf8 18.f6 gxf6 19.Nd2 Ba7 20.Nc4 b5 21.Ne3 Qb6 22.Nd1 f5
23.Bg5 Re8 24.Bc2 f4 25.Bh4 Qd6 26.Qd2 f5 27.g3 Rg8 28.gxf4 e4 29.c4 bxc4
30.Nc3 Qc5 31.Bg5 e3 32.Qe2 Qd6 33.Kg2 Rxg5  0-1

[Event "95th ch-GBR"]
[Site "Liverpool ENG"]
[Date "2008.08.06"]
[Round "9"]
[White "Berry,S"]
[Black "Ynojosa,F"]
[Result "0-1"]
[WhiteElo "2363"]
[BlackElo "2101"]

1.e4 c5 2.Nf3 Nc6 3.Bb5 e6 4.Bxc6 bxc6 5.O-O d5 6.d3 Nf6 7.e5 Nd7 8.c4 Be7
9.Nc3 O-O 10.Qe2 h6 11.Re1 f6 12.exf6 Nxf6 13.Ne5 Qe8 14.Bd2 Bd6 15.f4 Bxe5
16.Qxe5 Qg6 17.Qe2 e5 18.fxe5 Bg4 19.Qf2 Ne4 20.Nxe4 Rxf2 21.Nxf2 Bf3 22.g3 d4
23.e6 Re8 24.Re5 Rxe6 25.Rae1 Rxe5 26.Rxe5 Qf6 27.Re1 g5 28.Ba5 Qd6 29.b3 h5
30.Bd2 h4 31.g4 Qf6 32.Bc1 Kf7 33.Bd2 Kg8 34.Bc1 h3 35.Nxh3 Bxg4 36.Nxg5 Qg6
37.Bf4 Qxd3 38.Bg3 Be2 39.Bf2 Qc2  0-1

[Event "XVII TCh-MKD"]
[Site "Struga MKD"]
[Date "2008.08.06"]
[Round "3"]
[White "Nedev,T"]
[Black "Ilievski,D"]
[Result "1-0"]
[WhiteElo "2525"]
[BlackElo "2324"]

1.e4 c5 2.Nf3 Nc6 3.Bb5 g6 4.Bxc6 dxc6 5.d3 Bg7 6.h3 Nf6 7.Nc3 h6 8.Be3 b6
9.Qd2 Nd7 10.O-O e5 11.Nh2 Nf8 12.f4 exf4 13.Rxf4 Be6 14.Rf2 Nd7 15.Nf3 g5
16.d4 cxd4 17.Bxd4 Bxd4 18.Qxd4 Rg8 19.Re1 Qc7 20.Nd5 cxd5 21.exd5 O-O-O
22.dxe6 fxe6 23.Qg4 Nf8 24.Ne5 Qc5 25.Qf3 Qd5 26.Qf7 Nd7 27.Ng6 Qc5 28.Ne7+ Kb8
29.b4 Qc3 30.Qxe6 Rge8 31.Rd1 Qc7 32.Rfd2  1-0

[Event "Arctic Chess Challenge"]
[Site "Tromso NOR"]
[Date "2008.08.07"]
[Round "6"]
[White "Royset,P"]
[Black "Danielsson,R"]
[Result "1-0"]
[WhiteElo "2234"]
[BlackElo "2100"]

1.e4 c5 2.Nf3 Nc6 3.Bb5 g6 4.O-O Bg7 5.Re1 Nf6 6.Nc3 O-O 7.d4 cxd4 8.Nxd4 Nxd4
9.Qxd4 d6 10.a4 Be6 11.Qb4 a5 12.Qa3 Rc8 13.Bf4 Ng4 14.Re2 Ne5 15.Nd5 Bxd5
16.exd5 Qc7 17.Rae1 Bf6 18.Qg3 Qc5 19.Rd1 Qb4 20.b3 Qc3 21.Be3 Qc7 22.Bd4 Rfd8
23.Qf4 Kg7 24.Rde1 Nd7 25.Rxe7  1-0